[Event "Stuttgart-chB int"]
[Site "Ditzingen"]
[Date "2016.05.06"]
[Round "4"]
[White "Krivoborodov, Vasily"]
[Black "Kayser, Florian"]
[Result "1-0"]
[WhiteElo "1629"]
[BlackElo "1295"]
[PlyCount "123"]
[EventDate "2016.05.05"]
[EventType "swiss"]
[EventRounds "7"]
[EventCountry "GER"]
[SourceTitle "EXT 2018"]
[Source "ChessBase"]
[SourceDate "2017.10.13"]
[SourceVersion "1"]
[SourceVersionDate "2017.10.13"]
[SourceQuality "1"]

1. e4 c5 2. Nf3 d6 3. d4 cxd4 4. Nxd4 Nf6 5. Nc3 a6 6. Be2 e6 7. 0-0 Be7 8. Be3 Nbd7 9. f4 Nc5 10. Bf3 Bd7 11. b4 Na4 12. Nce2 0-0 13. Qd2 Rc8 14. c3 Nb6 15. Qe1 Nc4 16. Qf2 Nxe3 17. Qxe3 Qb6 18. Qf2 Rc4 19. e5 Nd5 20. Bxd5 exd5 21. Nf3 Qc7 22. Qg3 Rc8 23. Nd2 Rc6 24. f5 dxe5 25. f6 Bxf6 26. Rf2 Qb6 27. Kh1 e4 28. Nb3 Bxc3 29. Raf1 f6 30. Nc5 Be5 31. Nxd7 Bxg3 32. Nxb6 Rxb6 33. Nxg3 Rxb4 34. Nf5 Rc7 35. Rd2 g6 36. Nd4 Kf7 37. Rg1 f5 38. Nb3 Ke6 39. Rgd1 e3 40. Re2 Re4 41. g3 Rd7 42. Nd4+ Ke5 43. Nf3+ Kf6 44. h4 h6 45. Nd4 g5 46. hxg5+ hxg5 47. Kg2 g4 48. Ree1 Ke5 49. Ne2 d4 50. Nf4 Rc7 51. Nd3+ Kd5 52. Nb4+ Ke5 53. Nd3+ Kd6 54. Rc1 Rce7 55. Rc8 Rd7 56. Nc5 Rf7 57. Nxe4+ fxe4 58. Rd8+ Ke7 59. Rxd4 Rf2+ 60. Kg1 Rf3 61. Rxe4+ Kf6 62. Rxg4 1-0